The Gambia : Poverty Reduction Strategy Paper; Joint Staff Advisory Note.

This Joint Staff Advisory Note discusses the Poverty Reduction Strategy Paper (PRSP) for The Gambia. The Gambian authorities have prepared their second PRSP covering the years 2007 to 2011. The PRSP supports greater decentralization and expansion of social development funds to better target public s...

Descrizione completa

Dettagli Bibliografici
Ente Autore: International Monetary Fund
Natura: Periodico
Lingua:English
Pubblicazione: Washington, D.C. : International Monetary Fund, 2007.
Serie:IMF Staff Country Reports; Country Report ; No. 2007/307
Accesso online:Full text available on IMF
LEADER 01612cas a2200241 a 4500
001 AALejournalIMF009564
008 230101c9999 xx r poo 0 0eng d
020 |c 5.00 USD 
020 |z 9781451815573 
022 |a 1934-7685 
040 |a BD-DhAAL  |c BD-DhAAL 
110 2 |a International Monetary Fund. 
245 1 4 |a The Gambia :   |b Poverty Reduction Strategy Paper; Joint Staff Advisory Note. 
264 1 |a Washington, D.C. :  |b International Monetary Fund,  |c 2007. 
300 |a 1 online resource (10 pages) 
490 1 |a IMF Staff Country Reports 
500 |a <strong>Off-Campus Access:</strong> No User ID or Password Required 
500 |a <strong>On-Campus Access:</strong> No User ID or Password Required 
506 |a Electronic access restricted to authorized BRAC University faculty, staff and students 
520 3 |a This Joint Staff Advisory Note discusses the Poverty Reduction Strategy Paper (PRSP) for The Gambia. The Gambian authorities have prepared their second PRSP covering the years 2007 to 2011. The PRSP supports greater decentralization and expansion of social development funds to better target public services for the poor. Given that there has been limited progress in implementing the Local Government Act in 2002, the IMF staff recommends the preparation of a country-owned implementation plan and a sensitization program that would create momentum. 
538 |a Mode of access: Internet 
830 0 |a IMF Staff Country Reports; Country Report ;  |v No. 2007/307 
856 4 0 |z Full text available on IMF  |u http://elibrary.imf.org/view/journals/002/2007/307/002.2007.issue-307-en.xml  |z IMF e-Library